| 000 | 00772nam a22002412a 4500 | ||
|---|---|---|---|
| 001 | 62849 | ||
| 003 | BD-RjUL | ||
| 005 | 20211209081129.0 | ||
| 008 | 190316r19641961njua b 000 0 eng d | ||
| 035 | _a(BD-RjUL)62977 | ||
| 040 |
_aDLC _cDLC _dEQO _dBD-RjUL _beng |
||
| 041 | _aeng | ||
| 082 |
_223 _a657 _bBLA 1964 |
||
| 100 | 1 |
_aBlack, Homer A., _d1923- _9229417 |
|
| 245 | 1 | 0 |
_aAccounting in business decisions : theory, method, and use / _c[by] Homer A. Black, John E. Champion . |
| 260 |
_aEnglewood Cliffs, N.J : _bPrentice-Hall, _c1961 [Printing 1964] |
||
| 300 |
_axvii, 812 p.: _billus.; _c24 cm |
||
| 500 | _aIncludes index | ||
| 650 | 0 |
_aAccounting _9229418 |
|
| 650 | 0 |
_aIndustrial management _9229419 |
|
| 700 | 1 |
_aChampion, John E. _9229422 |
|
| 942 |
_2ddc _cBK |
||
| 999 |
_c62849 _d62849 |
||